Allelopathic effect of different weed residues to control weeds in aman rice field / (Record no. 9074)

MARC details
000 -LEADER
fixed length control field 01146nam a22002777a 4500
001 - CONTROL NUMBER
control field BD-DhSAU 9074
003 - CONTROL NUMBER IDENTIFIER
control field BD-DhSAU
005 - DATE AND TIME OF LATEST TRANSACTION
control field 20181206162723.0
008 - FIXED-LENGTH DATA ELEMENTS--GENERAL INFORMATION
fixed length control field 150613b2011 bg a|||| m||| 00| 0 eng d
040 ## - CATALOGING SOURCE
Original cataloging agency BD-DhSAU
082 ## - DEWEY DECIMAL CLASSIFICATION NUMBER
Edition number 22
Classification number 630
Item number M2777
100 ## - MAIN ENTRY--PERSONAL NAME
Personal name Mahato, Sushanta Kumar
Relator term Registration # 05-01836
245 ## - TITLE STATEMENT
Title Allelopathic effect of different weed residues to control weeds in aman rice field /
Remainder of title MS thesis
Statement of responsibility, etc. Sushanta Kumar Mahato,
260 ## - PUBLICATION, DISTRIBUTION, ETC. (IMPRINT)
Place of publication, distribution, etc. Sher-e-Bangla Agricultural Uniersity :
Name of publisher, distributor, etc. Department of Agronomy,
Date of publication, distribution, etc. 2011.
300 ## - PHYSICAL DESCRIPTION
Extent xi 86 p. :
Other physical details ill. ;
Dimensions 29 cm.
500 ## - GENERAL NOTE
General note MS thesis of Department of Agronomy , Faculty of Agriculture, Sher-e-Bangla Agricultural University, Dhaka, Bangladesh
504 ## - BIBLIOGRAPHY, ETC. NOTE
Bibliography, etc Includes bibliographical reference.
590 ## - Name of Cataloguer
Name of Cataloger erfat
650 ## - SUBJECT ADDED ENTRY--TOPICAL TERM
Topical term or geographic name as entry element Agronomy
650 ## - SUBJECT ADDED ENTRY--TOPICAL TERM
Topical term or geographic name as entry element Allelopathic effect of different weed residues to control
650 ## - SUBJECT ADDED ENTRY--TOPICAL TERM
Topical term or geographic name as entry element weeds in aman rice field
700 ## - ADDED ENTRY--PERSONAL NAME
Personal name Biswas, Parimal Kanti
Relator term Superviser
700 ## - ADDED ENTRY--PERSONAL NAME
Relator term Co-superviser
Personal name Karim, Md Fazlul
856 ## - ELECTRONIC LOCATION AND ACCESS
Uniform Resource Identifier <a href="http://archive.saulibrary.edu.bd:8080/xmlui/handle/123456789/679">http://archive.saulibrary.edu.bd:8080/xmlui/handle/123456789/679</a>
942 ## - ADDED ENTRY ELEMENTS (KOHA)
Source of classification or shelving scheme Dewey Decimal Classification
Koha item type MS Level Thesis
Holdings
Withdrawn status Lost status Source of classification or shelving scheme Damaged status Not for loan Collection code Home library Branch Name Shelving location Date acquired Total Checkouts Full call number Barcode Date last seen Price effective from Koha item type
    Dewey Decimal Classification   Not For Loan Reference SAU Library SAU Library Reference 18/06/2015   630 M2777 37126 18/06/2015 18/06/2015 MS Level Thesis